MARC

LEADER 00000nam0a2200000 4500
001 371151
005 20251208164307.0
035 |a (RuTPU)RU\TPU\retro\28561 
090 |a 371151 
100 |a 20220920d1978 m y0rusy50 ca 
101 0 |a rus 
102 |a RU 
105 |a a z 001zb 
200 1 |a Суворов в Петербурге  |f Г. И. Меерович, Ф. В. Буданов 
210 |a [Б. м.]  |c Лениздат  |d 1978 
215 |a 303 с.  |c ил. 
320 |a Библиогр.: с. 301-303 
600 1 |a Суворов  |b А. В.  |c русский полководец  |f 1730-1800  |g Александр Васильевич  |c генералиссимус  |2 stltpush  |3 (RuTPU)RU\TPU\pers\454 
606 |7 ca  |8 rus  |a Армия русская  |x История  |z кон. 17-18 вв.  |9 81793 
610 1 |a биографии 
610 1 |a русские полководцы 
610 1 |a российский флот 
610 1 |a Санкт-Петербург 
610 1 |a 18 век 
686 |a Т3(2)51  |2 rubbk 
700 1 |a Меерович  |b Г. И.  |g Григорий Ильич 
701 1 |a Буданов  |b Ф. В.  |g Федор Васильевич 
801 1 |a RU  |b 63413507  |c 20220920 
942 |c BK